Города по Буквам — Н - Statistics

General Stats
  • This quiz has been taken 119 times
  • The average score is 12 of 20
Answer Stats
Подсказка Город % Correct
Культовый американский мегаполис с центром на Манхэттене Нью-Йорк
90%
Столица Индии, расположенная внутри "старой" тёзки Нью-Дели
89%
Третий по величине город России, известен научным Академгородком Новосибирск
86%
Японский город, подвергшийся американской ядерной бомбардировке в 1945 Нагасаки
86%
Раньше этот город назвался Горький в честь любимого писателя Сталина Нижний Новгород
83%
Столица Кипра, разделенная стеной на северную и южную часть Никосия
77%
Родина пиццы, расположенная по соседству с вулканом Везувием Неаполь
73%
Крупнейший курорт на французской Ривьере Ницца
72%
Город, в котором судили главных нацистских преступников Нюрнберг
72%
Город-герой, крупнейший российский черноморский порт Новороссийск
65%
Столица Кении, в которой находится один из офисов ООН Найроби
59%
Город на эстонско-российской границе Нарва
59%
В этом городе провел свое детство Иисус Христос Назарет
40%
Столица Мьянмы, основанная в 2005 году Нейпьидо
40%
Бывший главный центр добычи угля в Англии, ныне известен клубом "Юнайтед" Ньюкасл-апон-Тайн
39%
"Южная столица" Китая, где во время Второй Мировой японцы устроили кровавую резню Нанкин
36%
Город в американском штате Луизиана, зеаменит джазом и фестивалем Марди-Гра Новый Орлеан
31%
Административный центр Гренландии, ранее назывался Готхоб Нуук
29%
Третий по величине мегаполис Японии, расположенный между Киото и Токио Нагоя
22%
Популярный пляжный курорт во Вьетнаме Нячанг
17%
No matching quizzes found
Score Distribution
Percent of People with Each Score
Percentile by Number Answered
Your Score History
You have not taken this quiz